[Event "35th European Club Cup 2019"]
[Site "Ulcinj"]
[Date "2019.11.14"]
[Round "5.4"]
[White "Huzman, Alexander"]
[Black "Olivier, Pierre"]
[Result "1/2-1/2"]
[WhiteElo "2577"]
[BlackElo "2200"]
[Annotator "ChessBase"]
[PlyCount "86"]
[EventDate "2019.11.10"]
[EventType "team-tourn"]
[EventCountry "MNE"]
[SourceTitle "playchess.com"]
[Source "ChessBase"]
[SourceQuality "1"]
[WhiteTeam "Beer Sheva"]
[BlackTeam "Asnieres"]
[TimeControl "40/5400+30:1800+30"]

1. Nf3 {[%emt 0:00:00]} c5 {[%emt 0:00:01]} 2. b3 {[%emt 0:03:41]} d6 {[%emt 0:05:31]} 3. e4 {[%emt 0:08:03]} e5 {[%emt 0:06:53]} 4. Bb5+ {[%emt 0:07:27]} Nc6 {[%emt 0:01:03]} 5. O-O {[%emt 0:03:48]} g6 {[%emt 0:32:21]} 6. b4 cxb4 {[%emt 0:00:30]} 7. a3 {[%emt 0:06:55]} Bg7 {[%emt 0:02:04]} 8. axb4 {[%emt 0:08:26]} Nge7 {[%emt 0:04:35]} 9. d3 {[%emt 0:02:22]} O-O {[%emt 0:00:48]} 10. c3 {[%emt 0:00:05]} h6 {[%emt 0:16:25]} 11. Bc4 {[%emt 0:01:55]} a6 {[%emt 0:05:17]} 12. Nbd2 {[%emt 0:07:24]} Rb8 {[%emt 0:05:52]} 13. b5 {[%emt 0:05:45]} axb5 {[%emt 0:01:25]} 14. Bxb5 {[%emt 0:00:29]} Be6 {[%emt 0:06:14]} 15. Ba3 {[%emt 0:01:23]} Qc7 {[%emt 0:00:08]} 16. Bc4 {[%emt 0:10:41]} Bxc4 {[%emt 0:00:27]} 17. Nxc4 {[%emt 0:00:06]} Rfd8 {[%emt 0:00:15]} 18. Ne3 {[%emt 0:02:08]} b5 {[%emt 0:00:39]} 19. Qb3 {[%emt 0:00:46]} Bf6 {[%emt 0:03:04]} 20. Rfb1 {[%emt 0:02:48]} Qd7 {[%emt 0:00:54]} 21. h3 {[%emt 0:00:47]} Bg5 {[%emt 0:02:20]} 22. Ng4 {[%emt 0:04:35]} Kg7 {[%emt 0:00:51]} 23. Qd1 {[%emt 0:00:51]} Ng8 {[%emt 0:00:17]} 24. d4 {[%emt 0:00:50]} exd4 {[%emt 0:01:18]} 25. Nxg5 {[%emt 0:02:46]} hxg5 {[%emt 0:00:09]} 26. cxd4 {[%emt 0:00:01]} d5 {[%emt 0:00:14]} 27. e5 {[%emt 0:00:05]} Qf5 {[%emt 0:02:06]} 28. Bd6 {[%emt 0:03:53]} Rb7 {[%emt 0:00:33]} 29. Rb3 {[%emt 0:01:59]} Rdd7 {[%emt 0:00:31]} 30. Ra6 {[%emt 0:02:12]} Nd8 {[%emt 0:00:49]} 31. Ne3 {[%emt 0:01:33]} Qe4 {[%emt 0:00:49]} 32. f3 {[%emt 0:01:28]} Qh4 {[%emt 0:00:26]} 33. Ng4 {[%emt 0:01:41]} Ne6 {[%emt 0:00:21]} 34. Bb4 {[%emt 0:00:04]} Qg3 {[%emt 0:00:31]} 35. Bd2 {[%emt 0:03:42]} Nf4 {[%emt 0:00:36]} 36. Bxf4 {[%emt 0:00:11]} Qxf4 {[%emt 0:00:20]} 37. Rc3 {[%emt 0:02:40]} b4 {[%emt 0:00:30]} 38. Re3 {[%emt 0:02:19]} b3 {[%emt 0:00:24]} 39. Rxb3 {[%emt 0:00:29]} Rxb3 {[%emt 0:00:02]} 40. Qxb3 {[%emt 0:00:00]} Qxd4+ {[%emt 0:00:00]} 41. Qe3 {[%emt 0:05:34]} Qxe3+ {[%emt 0:03:56]} 42. Nxe3 {[%emt 0:00:02]} Re7 {[%emt 0:02:02]} 43. Nxd5 {[%emt 0:02:23]} Rxe5 {[%emt 0:00:15]} 1/2-1/2

[Event "35th European Club Cup 2019"]
[Site "Ulcinj"]
[Date "2019.11.14"]
[Round "5.4"]
[White "Mohr, Georg"]
[Black "Kokarev, Dmitry"]
[Result "1/2-1/2"]
[WhiteElo "2437"]
[BlackElo "2601"]
[Annotator "TA"]
[PlyCount "144"]
[EventDate "2019.11.10"]
[EventType "team-tourn"]
[EventCountry "MNE"]
[SourceTitle "playchess.com"]
[Source "ChessBase"]
[SourceQuality "1"]
[WhiteTeam "Maribor"]
[BlackTeam "Law & Order"]

{[%evp 11,144,0,17,22,27,19,35,22,15,15,25,24,20,0,1,2,2,0,0,0,0,0,0,-79,0,0,0,0,0,0,0,0,375,368,362,374,421,421,456,430,426,434,450,379,372,249,254,244,239,240,338,337,339,330,336,331,333,208,182,129,127,134,130,121,146,146,145,135,145,146,146,146,146,142,149,152,160,102,102,125,106,98,103,102,127,90,100,95,98,98,102,85,102,114,114,105,114,87,97,0,0,0,105,95,128,112,145,143,139,137,144,129,118,127,127,89,90,73,73,65,81,64,81,79,87,56,81,60,63,43,70,70,75,0,8]} 1. e4 c5 2. Nf3 d6 3. d4 cxd4 4. Nxd4 Nf6 5. f3 e5 6. Nb3 d5 7. Bg5 {B55: Sicilian: 2...d6 3 d4 cxd4 4 Nxd4 Nf6 5 f3} d4 (7... Be6 8. Bxf6 gxf6 9. exd5 Qxd5 10. Qxd5 Bxd5 11. Nc3 Be6 12. Nb5 Kd8 13. O-O-O+ Kc8 14. Nc3 Nd7 15. Nd5 h5 16. Bb5 Bxd5 17. Bxd7+ Kxd7 18. Rxd5+ Ke6 19. Rhd1 h4 20. Kb1 Rg8 21. c4 Rxg2 22. Nd4+ Ke7 23. f4 Rxh2 24. Nf5+ Ke6 25. Nd4+ Ke7 26. Nf5+ Ke6 {½-½ (26) Nabaty,T (2690)-Sjugirov,S (2652) Batumi 2018}) 8. c3 {[%cal Rc3d4]} Nc6 9. cxd4 {White is slightly better.} Bb4+ 10. Bd2 Nxe4 $1 11. Bxb4 {Threatens to win with Bb5.} Qh4+ $1 12. g3 Nxg3 $1 13. hxg3 Qxh1 14. Ba3 Bh3 15. N1d2 $146 O-O-O 16. Qc2 Bxf1 17. Qf5+ (17. O-O-O $11) 17... Rd7 (17... Kb8 $17 {( -> ...Bd3+)} 18. Nxf1 f6) 18. Nxf1 $11 g6 19. Qf6 Re8 $1 20. d5 $1 {[%cal Rd5c6][%mdl 64] Deflection, Decoy} Rxd5 21. Qxf7 $40 {[%mdl 192] Double Attack. White mounts an attack.} Rdd8 $2 {[%mdl 8192] [#]} (21... Red8 $11) 22. Bd6 $1 $18 {[%mdl 576] Deflection} Rxd6 23. Qxe8+ Kc7 24. Kf2 Kb6 25. Qf8 Rd5 26. Re1 a5 27. Qf6 Ka7 28. Qf7 Nb4 {...Nd3+ is the strong threat.} 29. Nc1 {Strongly threatening a3.} Rc5 {[#]} 30. Qb3 $1 Rc2+ {[#]} (30... e4 {is a better defense.} 31. Qe3 {[%mdl 64] Double Attack} (31. fxe4 Rc2+ 32. Ne2 Qxe4 $11) (31. Rxe4 Rxc1 32. Qe3+ {[%mdl 64] Double Attack} b6 $11) 31... Qxf3+ 32. Qxf3 exf3) 31. Ne2 $1 Rxb2 32. Qe3+ {[%mdl 64] Double Attack} Ka8 {If Black can now play ...Nc2 this consolidates a bit.} 33. Rd1 {[%cal Rd1d8]} Nc6 34. Qc3 Rxa2 35. Qb3 ({Better is} 35. Qc4 $18 Rb2 36. Qd5) 35... Rxe2+ $16 36. Kxe2 Nd4+ 37. Rxd4 $1 Qg2+ 38. Ke1 {White wants to mate with Rd7!} exd4 39. Qd5 a4 40. Qa5+ Kb8 41. Qd8+ {[%mdl 64] Double Attack} Ka7 42. Qxd4+ Kb8 43. Qf4+ Kc8 44. Qxa4 (44. Nd2 $142) 44... Qxf3 45. Qe8+ Kc7 46. Qe5+ Kc6 47. Ne3 Qf7 48. Nc2 Kd7 49. Qb5+ Kd8 50. Ne3 {And now Qe5 would win.} Qe7 51. Ke2 Kc7 52. Qc4+ Kd7 53. Qg8 Kc6 54. Kf3 {aiming for Qc4+.} Qf6+ 55. Ke4 (55. Kg2 $16 {Black must now prevent Qc8+.} Qd4 56. Qe6+ (56. Qxh7 Qxe3 57. Qxg6+ Kd7 $11) 56... Kc7 57. Nd5+ Kb8 58. Nf4) 55... Qe7+ $1 $11 56. Kf3 (56. Kd3 $11 Qd6+ 57. Ke2) 56... Qf6+ $1 $16 57. Kg2 {Hoping for Qc8+.} Qe7 58. Qc4+ Kd6 59. Qb4+ Ke6 60. Qb3+ Ke5 61. Qd5+ Kf6 62. Ng4+ Kg7 63. Ne5 b6 64. Kh2 h5 65. Kg2 Kh6 66. Kh3 (66. Qd2+ {seems wilder.} Kh7 67. Qd4 Qe6 68. Kg1 Qf5 69. Qc3) 66... Kg7 67. Kh2 Kh6 68. Qd4 (68. Kg2 {with more complications.} Kh7 69. Qe4 Qg7 70. Nd3 Qf6 71. Qe8) 68... Qe6 69. Qf4+ Kg7 70. Nf3 Qe2+ 71. Kh3 Qe6+ 72. Kh4 (72. Kg2 $16) 72... Qf6+ {Accuracy: White = 50%, Black = 71%.} 1/2-1/2

[Event "35th European Club Cup 2019"]
[Site "Ulcinj"]
[Date "2019.11.14"]
[Round "5.4"]
[White "Buksa, Nataliya"]
[Black "Jones, Gawain C B"]
[Result "0-1"]
[WhiteElo "2410"]
[BlackElo "2663"]
[Annotator "TA"]
[PlyCount "64"]
[EventDate "2019.11.10"]
[EventType "team-tourn"]
[EventCountry "MNE"]
[SourceTitle "playchess.com"]
[Source "ChessBase"]
[SourceQuality "1"]
[WhiteTeam "Vugar Gashimov"]
[BlackTeam "Padova"]

{[%evp 14,64,38,16,21,33,53,34,25,45,37,47,34,39,56,-5,-12,-1,0,-27,0,0,12,-60,-29,0,0,-86,-85,-121,-114,-189,-183,-171,-140,-506,-505,-521,-497,-472,-462,-795,-794,-791,-790,-959,-931,-1072,-1025,-29976,-29977,-12837,-2473]} 1. e4 e5 2. Nf3 Nc6 3. Bb5 a6 4. Ba4 Nf6 5. O-O Bc5 6. c3 b5 7. Bb3 d6 8. a4 b4 {C78: Ruy Lopez: Archangelsk and Möller Defences} 9. d4 Ba7 10. Bg5 Rb8 {White is slightly better.} 11. Bd5 Ne7 12. dxe5 Nfxd5 13. exd5 {Re1 is the strong threat.} O-O {[#]} 14. Nd4 $146 ({Better is} 14. exd6 $14 Qxd6 15. Bxe7 Qxe7 16. Qd3) ({Predecessor:} 14. exd6 Qxd6 15. c4 Nf5 16. Nbd2 {1-0 (41) Nepomniachtchi,I (2757)-Kramnik,V (2792) Dortmund 2018}) 14... Bxd4 $1 $11 15. cxd4 h6 16. Bh4 dxe5 17. dxe5 {Black must now prevent d6.} g5 18. d6 (18. Bg3 $11) 18... gxh4 19. dxe7 Qxe7 20. Qh5 (20. f4 $11) 20... Rb6 {aiming for ...Rg6.} 21. Nd2 Rg6 22. f3 {[#]} (22. Ne4 $17) 22... Rd8 $1 $36 {[%cal Rd8d2][%mdl 2048] Black has strong initiative.} 23. Ne4 Rd5 24. f4 $2 {[%mdl 8192]} (24. Rae1 $17 {was the crucial defense.}) 24... Bg4 25. Qxg6+ fxg6 26. Nf6+ Kf8 27. Nxd5 (27. Nxg4 $142 Qc5+ 28. Nf2) 27... Qc5+ {[%mdl 64] [#] Double Attack} 28. Rf2 Qxd5 29. Rc1 c5 30. Rfc2 Qd4+ 31. Kh1 h3 32. Rf1 Bf5 {Accuracy: White = 27%, Black = 78%.} 0-1

[Event "35th European Club Cup 2019"]
[Site "Ulcinj"]
[Date "2019.11.14"]
[Round "5.4"]
[White "Mesman, Edwyn"]
[Black "Maenhout, Thibaut"]
[Result "0-1"]
[WhiteElo "2156"]
[BlackElo "2372"]
[Annotator "TA"]
[PlyCount "74"]
[EventDate "2019.11.10"]
[EventType "team-tourn"]
[EventCountry "MNE"]
[SourceTitle "playchess.com"]
[Source "ChessBase"]
[SourceQuality "1"]
[WhiteTeam "Kennemer Combinatie"]
[BlackTeam "HWP Sas van Gent"]

{[%evp 11,94,18,32,17,10,9,8,8,10,11,101,95,100,91,89,62,94,61,62,32,22,6,0,-21,-18,-78,-11,-58,-25,-40,-41,-46,-17,-23,0,0,0,-7,-7,-24,-17,-30,-23,-22,0,-26,-39,-40,-33,-24,-35,-58,-51,-56,391,391,383,383,626,585,687,-146,-163,-143,-117,-417,-408,-404,-410,-410,-408,-407,-396,-589,-587,-550,-543,-749,-731,-1791,-1626,-2233,-2170,-1783,-1707]} 1. d4 Nf6 2. c4 c5 3. d5 b5 4. Qc2 b4 5. Nf3 g6 6. e4 d6 7. h3 {A57: Benko/Volga Gambit} (7. Bd3 Bg7 8. h3 O-O 9. Bg5 a5 10. Nbd2 e5 11. g4 a4 12. Ke2 h6 13. Bh4 g5 14. Bg3 Re8 15. Nf1 Nbd7 16. Ne3 Nf8 17. Qd2 Ng6 18. Rag1 {½-½ (18) Akobian,V (2632)-Ramirez Alvarez,A (2587) Arlington 2015}) 7... Bg7 8. Be2 O-O 9. O-O {The position is equal.} Nbd7 10. a3 bxa3 (10... a5 $11) 11. Rxa3 $16 a6 $146 ({Predecessor:} 11... a5 12. Nc3 Ba6 13. Bf4 {1-0 (78) Ngakane,D (1671)-Oberholzer,I (1562) Pretoria 2018}) 12. Bd2 Rb8 13. Bc3 Nh5 14. Bxg7 (14. Qd2 {with more complications.} Qb6 15. g4 Nhf6 16. Qe3 e6 17. Nfd2) 14... Nxg7 15. Nbd2 e5 16. Ne1 f5 17. Nd3 Nf6 {[%cal Bd7f6,Bf6h5,Bh5g3][%mdl 32]} 18. f3 {[#]} (18. exf5 $11 Nxf5 19. Nb3) 18... Ngh5 (18... Nfh5 $1 $17) 19. Re1 Ng3 {[%cal Rf5e4]} 20. Nf2 Nfh5 {And now ...Qg5 would win.} 21. Nf1 Qb6 22. Rb1 Rb7 23. Nxg3 Nxg3 24. Kh2 f4 25. Bd3 Bd7 26. b3 h5 27. Rba1 Ra7 28. Nh1 Nxh1 29. Kxh1 Bc8 30. Qf2 g5 31. Kg1 g4 32. hxg4 Bxg4 $2 {[%mdl 8192]} (32... hxg4 $15 {keeps the upper hand.} 33. fxg4 Rh7) 33. fxg4 $18 hxg4 34. Qh4 Rg7 $2 (34... Qd8 35. Qxg4+ Rg7 36. Qe6+ Kh8 37. Qh3+ (37. Rxa6 Qh4 $11) 37... Rh7) 35. Rxa6 Qb8 36. Ra7 $2 ({Better is} 36. Qh6 $18) 36... Rxa7 $17 37. Qxg4+ Rg7 {Played: Kg8-h8} 0-1

[Event "35th European Club Cup 2019"]
[Site "Ulcinj"]
[Date "2019.11.14"]
[Round "5.5"]
[White "Saric, Ivan"]
[Black "Suleymanli, Aydin"]
[Result "1-0"]
[WhiteElo "2650"]
[BlackElo "2429"]
[Annotator "TA"]
[PlyCount "141"]
[EventDate "2019.11.10"]
[EventType "team-tourn"]
[EventCountry "MNE"]
[SourceTitle "playchess.com"]
[Source "ChessBase"]
[SourceQuality "1"]
[WhiteTeam "Padova"]
[BlackTeam "Vugar Gashimov"]

{[%evp 15,141,13,12,8,24,12,36,21,29,21,42,32,31,17,17,10,10,8,4,0,7,0,10,10,7,8,8,10,10,0,0,0,14,10,8,9,25,-15,-9,-39,0,0,0,0,0,0,0,0,13,0,0,0,0,0,0,0,0,0,0,0,77,70,85,101,93,48,59,43,62,83,88,-27,-25,-28,-29,-29,-25,-23,-21,-32,0,0,0,0,0,0,0,0,8,8,8,8,373,371,276,232,158,8,514,506,425,112,130,131,135,47,93,150,1939,1418,4134,8,8,8,8,8,29974,29975,29975,29976,29976,29977,29977,29978,29976,29979,29977,29980]} 1. e4 e6 2. d4 d5 3. Nc3 Bb4 4. e5 c5 5. a3 Bxc3+ 6. bxc3 Qa5 7. Bd2 Qa4 8. Qg4 Kf8 9. Qd1 {C18: French: 3 Nc3 Bb4: Main line: 7 h4 and 7 Qg4} (9. h4 Nc6 10. h5 h6 11. Qd1 cxd4 12. Nf3 dxc3 13. Bxc3 g5 14. hxg6 Qe4+ 15. Be2 Qxg6 16. Qd2 Nge7 17. Bd3 Qxg2 18. Ke2 Qg4 19. Rh4 Qg7 20. Rg1 Ng6 21. Rf4 Nce7 22. Bb4 a5 23. Rxg6 {1-0 (23) Caruana,F (2804)-Lenderman,A (2599) Saint Louis 2018}) 9... Ne7 10. Qb1 c4 11. Ne2 {White is slightly better.} Nbc6 12. Nf4 b6 13. Nh5 Bd7 14. Qc1 $146 ({Predecessor:} 14. Qb2 Rc8 15. g4 h6 16. f4 Ng8 {1-0 (29) Bauer,R (2459)-Zill,C (2393) ICCF email 2011}) 14... Rg8 15. h4 Ke8 $1 16. Rh3 Kd8 17. Rf3 Kc7 18. g3 Raf8 19. Bh3 Be8 20. Nf4 Bd7 21. Kf1 Kb7 22. Kg1 Nf5 23. Rb1 Nce7 24. Rb4 Qc6 25. Ng2 h5 26. Nf4 f6 27. Qe1 g5 28. Nxh5 g4 29. Rxf5 $1 Nxf5 30. Bg2 fxe5 31. dxe5 a5 32. Rb1 Qc5 33. Nf6 Rg7 34. Be3 Nxe3 35. Qxe3 Qxe3 36. fxe3 Ba4 37. Rc1 b5 (37... Kc6 $11) 38. e4 $16 d4 39. cxd4 b4 40. axb4 axb4 41. Bf1 Rc8 42. Rb1 b3 43. c3 (43. Kf2 $16) 43... Kb6 $11 44. h5 $1 Bb5 45. h6 Ra7 46. h7 Rh8 47. Be2 Ra2 48. Bxg4 Rc2 $1 49. Bxe6 {Hoping for Bg4.} b2 50. Rxb2 Rxb2 51. Bg8 Rc2 {White must now prevent ...Kb7.} 52. Nd5+ Ka5 53. e6 {Strongly threatening e7.} Bc6 $2 {[%mdl 8192]} (53... Ka4 $1 $11 {and Black is okay.}) 54. e7 $18 Ka4 55. Nb6+ {[%mdl 64] Discovered Attack} Kb3 56. d5 (56. Nxc4 $16 Kxc3 57. d5) 56... Bb5 $2 {[%mdl 8192]} (56... Be8 $1 $11 {and Black has nothing to worry.}) 57. d6 {Threatens to win with d7.} Rd2 58. Nxc4 $2 (58. Bd5 $18) 58... Rd1+ $16 59. Kf2 Kxc3 60. Na3 ({White should play} 60. e5 $16 {And now e6 would win.} Rxh7 61. Bxh7 Kxc4 62. Bf5) 60... Be8 $1 $14 61. e5 {[%mdl 1024] White has strong compensation.} Kd4 $2 (61... Kb4 $16) 62. e6 $18 Ke5 63. Nc4+ $2 ({White has to play} 63. d7 $18 Rxd7 64. Nc4+ Kf6 65. exd7 Bxd7 66. Nb6) 63... Kf6 $11 64. g4 Rd5 65. d7 Rxd7 $4 {[%mdl 8192]} (65... Kxe7 $11 66. dxe8=N Kxe8) 66. exd7 {White mates.} Bxd7 67. Nb6 $1 Kxe7 68. Nxd7 Kxd7 {[#] KR-KB} 69. Kg3 $1 {[%cal Rg3f4]} Ke7 {[#]} 70. Kh4 $1 {[%cal Rh4h5]} Kf6 71. Kh5 {Accuracy: White = 55%, Black = 51%.} 1-0

[Event "35th European Club Cup 2019"]
[Site "Ulcinj"]
[Date "2019.11.14"]
[Round "5.5"]
[White "Rozum, Ivan"]
[Black "Buzeti, Jernej"]
[Result "1-0"]
[WhiteElo "2593"]
[BlackElo "2211"]
[Annotator "TA"]
[PlyCount "217"]
[EventDate "2019.11.10"]
[EventType "team-tourn"]
[EventCountry "MNE"]
[SourceTitle "playchess.com"]
[Source "ChessBase"]
[SourceQuality "1"]
[WhiteTeam "Law & Order"]
[BlackTeam "Maribor"]

{[%evp 14,217,-21,-18,0,-8,0,-14,-20,-9,17,13,25,9,19,10,18,11,27,0,0,0,0,0,0,0,16,20,15,0,0,0,0,0,0,0,0,-28,-33,-33,-6,-21,0,-14,-6,-12,0,-59,0,0,0,0,0,0,0,0,0,0,0,0,0,0,0,0,0,0,0,0,0,0,12,0,0,0,0,0,0,0,0,0,0,0,0,0,0,0,0,0,0,0,0,0,0,0,0,0,0,0,0,0,0,0,0,0,0,0,0,0,0,0,0,0,0,0,0,0,0,0,0,0,0,0,0,0,0,0,20,20,27,26,65,0,13,0,21,32,22,0,0,0,0,0,0,0,31,41,40,43,47,51,59,8,85,81,75,81,81,66,204,74,81,81,89,35,210,102,191,265,193,0,0,0,0,0,0,0,0,0,0,0,0,0,0,0,0,0,0,0,0,0,0,0,0,0,0,0,29978,29979,29979,29980,29980,29981,29983,29984,29984,29984]} 1. c4 Nf6 2. Nc3 e6 3. e4 d5 4. exd5 exd5 5. d4 Be7 6. Bd3 O-O 7. Nge2 dxc4 8. Bxc4 c6 {C01: French: Exchange Variation} (8... Nbd7 9. O-O Nb6 10. Bb3 Bg4 11. f3 Bh5 12. Ng3 c5 13. Nxh5 Nxh5 14. dxc5 Bxc5+ 15. Kh1 Nf6 16. Bg5 h6 17. Qxd8 Rfxd8 18. Bxf6 gxf6 {½-½ (50) Rakhmanov,A (2653)-Bacrot,E (2725) Riadh 2017}) 9. O-O Nbd7 10. Bg5 Nb6 {The position is equal.} 11. Bb3 Nfd5 12. Bxe7 Nxe7 13. Nf4 $146 ({Predecessor:} 13. Qd2 Bf5 14. Rad1 Qd6 {1-0 (68) Limontas,M (2295)-Vaicekauskas,G (2133) Lithuania 2014}) 13... Ng6 14. Nxg6 hxg6 15. Re1 Bf5 16. Re3 Qd7 17. Qd2 Rad8 18. Rd1 Rfe8 19. Rde1 Rxe3 20. Qxe3 Kf8 21. Qe5 Re8 22. Qc5+ Kg8 {[%cal Re8e1]} 23. Re3 Rxe3 24. fxe3 Be6 25. Qe5 Bxb3 26. axb3 Nd5 27. e4 Nf6 28. h3 Qd8 29. b4 Kh7 30. Kf2 (30. b5 $11) 30... Qb6 (30... Nd7 $1 $15 31. Qf4 Nf8) 31. Qc5 Qa6 32. e5 Nd5 33. Nxd5 cxd5 34. Qxd5 $11 {[%mdl 4096] Endgame KQ-KQ} Qd3 35. h4 Qd2+ 36. Kf3 Qd3+ 37. Kg4 Qe2+ 38. Kh3 Qe3+ 39. g3 Qf2 40. Qe4 Qf1+ 41. Qg2 Qd3 42. Qxb7 (42. Qf2 {keeps more tension.} Kg8 43. Kg4 a6 44. Kg5 Qb3 45. Kf4) 42... Qxd4 43. Qxf7 Qxe5 44. Qxa7 Qf5+ 45. Kg2 Qe4+ 46. Kf2 Qc2+ 47. Kf3 Qb3+ 48. Qe3 Qxb4 49. b3 (49. Qe2 {seems wilder.} Qb7+ 50. Kf2 Qh1 51. Qe5 Qh2+ 52. Kf3) 49... Qb7+ 50. Kf2 Qb5 51. Ke1 Qa5+ 52. Kd1 Qa2 53. Qc3 Qb1+ 54. Kd2 Qa2+ 55. Kc1 Qa3+ 56. Kb1 Qd6 57. Kb2 Qd1 58. Qe3 Qd6 59. Qf4 Qd3 60. b4 Qe2+ 61. Kc3 Qe1+ 62. Kc4 Qe6+ 63. Kc5 Qc8+ 64. Kb6 Qe6+ 65. Kc5 Qc8+ 66. Kd4 Qd7+ 67. Kc3 Qc6+ 68. Qc4 (68. Kb2 {looks sharper.} Qg2+ 69. Kb3 Qe2 70. Kc3) 68... Qf3+ 69. Qd3 (69. Kb2 {is more complex.} Qg2+ 70. Qc2 Qxg3 71. Qe4 Qf2+ 72. Kb3) 69... Qc6+ 70. Kb3 Qe6+ 71. Ka3 Qe5 72. b5 (72. g4 $14) 72... Qe7+ 73. Ka4 Qa7+ $1 74. Kb3 Qf7+ $1 75. Qc4 (75. Kb4 {with more complications.} Qe7+ 76. Kc4 Qf7+ 77. Kd4 Qa7+ 78. Kd5) 75... Qf3+ 76. Ka4 Qd1+ 77. Ka5 Qa1+ 78. Kb6 Qg1+ 79. Ka6 Qxg3 80. b6 Qa3+ 81. Kb7 Qe7+ 82. Kb8 ({White should play} 82. Ka8 $1 $14 Qa3+ 83. Kb8) 82... Qf8+ (82... Qe5+ $1 $11 83. Ka7 Qe3) 83. Ka7 $16 Qa3+ 84. Qa6 Qc5 85. Qa4 {Black must now prevent Ka6.} Qe3 (85... Qf2 $14 86. Qc4 Qe3) 86. Qb4 (86. Qa5 $1 $18) 86... Qf2 87. Qb3 Qd4 88. Ka6 (88. Qa3 $16) 88... Qd6 $2 ({Better is} 88... Qa1+ $14 89. Kb7 Qd4) 89. Qf3 (89. Qb5 $1 $18 {and the rest is easy.}) 89... Qe6 (89... Qc5 $16 {was called for.} 90. Qb3 Qc6) 90. h5 $18 Qc8+ 91. b7 $2 (91. Ka7 $18 {Threatens to win with hxg6+.} Qd7+ 92. Qb7 (92. b7 Qd4+ 93. Ka6 Qa1+ 94. Kb5 Qe5+ 95. Kb6 Qd4+ 96. Kb5 Qe5+ 97. Kc6 Qe6+ 98. Kc5 Qe7+ 99. Kc4 Qc7+ 100. Kd4 Qb6+ 101. Ke5 Qb2+ 102. Ke6 Qb6+ 103. Ke5 Qc7+ 104. Kd4 Qb6+ 105. Ke5 $18) 92... Qa4+ 93. Qa6) 91... Qc4+ $1 $11 92. Kb6 Qb4+ 93. Kc6 Qc4+ 94. Kd6 Qb4+ $1 95. Ke6 Qb6+ $1 96. Kd7 {White threatens hxg6+ and mate.} Qd4+ 97. Kc7 {aiming for hxg6+.} Qe5+ 98. Kb6 {Hoping for hxg6+.} Qd4+ $1 99. Kb5 {Strongly threatening hxg6+.} Qe5+ 100. Kc4 Qc7+ $1 101. Kd3 {hxg6+ is the strong threat.} Qd6+ $1 102. Ke2 Qe5+ 103. Kf1 {And now hxg6+ would win.} Qb5+ 104. Kg2 Qg5+ $2 {[%mdl 8192] [#]} (104... Kg8 $11) 105. Kh3 $1 {White mates.} Qe5 {[#]} 106. hxg6+ $1 Kh6 107. Qh1 Kg5 108. Qg1+ Kh6 109. Qh2 {Accuracy: White = 39%, Black = 65%.} 1-0

[Event "35th European Club Cup 2019"]
[Site "Ulcinj"]
[Date "2019.11.14"]
[Round "5.5"]
[White "De Schampheleire, Glen"]
[Black "Duijn, Richard"]
[Result "1-0"]
[WhiteElo "2359"]
[BlackElo "2220"]
[Annotator "NA"]
[PlyCount "47"]
[EventDate "2019.11.10"]
[EventType "team-tourn"]
[EventCountry "MNE"]
[SourceTitle "playchess.com"]
[Source "ChessBase"]
[SourceQuality "1"]
[WhiteTeam "HWP Sas van Gent"]
[BlackTeam "Kennemer Combinatie"]
[TimeControl "40/5400+30:1800+30"]

1. Nf3 {[%emt 0:00:00]} Nf6 {[%emt 0:00:03]} 2. g3 {[%emt 0:00:00]} b6 {[%emt 0:00:20]} 3. Bg2 {[%emt 0:00:00]} Bb7 {[%emt 0:00:05]} 4. O-O {[%emt 0:01:52]} e6 {[%emt 0:00:11]} 5. c4 {[%emt 0:00:15]} c5 {[%emt 0:01:44]} 6. Nc3 {[%emt 0:00:16]} Be7 {[%emt 0:03:35]} 7. Re1 {[%emt 0:02:16]} d5 {[%emt 0:05:36]} 8. cxd5 {[%emt 0:00:17]} Nxd5 {[%emt 0:00:30]} 9. e4 {[%emt 0:00:22]} Nb4 {[%emt 0:03:42]} 10. d4 cxd4 {[%emt 0:03:43]} 11. Nxd4 {[%emt 0:00:27]} O-O {[%emt 0:01:24]} 12. Be3 {[%emt 0:09:33]} N8c6 {[%emt 0:08:05]} 13. Nxc6 {[%emt 0:14:01]} Nxc6 {[%emt 0:04:14]} 14. Qa4 {[%emt 0:06:53]} Bb4 {[%emt 0:06:50]} 15. Rac1 {[%emt 0:07:27]} Qe7 {[%emt 0:04:35]} 16. a3 {[%emt 0:05:22]} Bxc3 {[%emt 0:04:11]} 17. Rxc3 {[%emt 0:00:06]} Ne5 18. Rec1 {[%emt 0:05:06]} Rfb8 {[%emt 0:26:46]} 19. Bf4 {[%emt 0:02:09]} f6 20. Rc7 {[%emt 0:04:35]} Qd6 {[%emt 0:06:18]} 21. Bxe5 {[%emt 0:01:11]} fxe5 22. Rd7 {[%emt 0:01:40]} Qf8 {[%emt 0:02:55]} 23. Rcc7 {[%emt 0:00:38]} b5 24. Qd1 1-0

[Event "35th European Club Cup 2019"]
[Site "Ulcinj"]
[Date "2019.11.14"]
[Round "5.5"]
[White "Kirszenberg, Marc"]
[Black "Mikhalevski, Victor"]
[Result "0-1"]
[WhiteElo "2137"]
[BlackElo "2570"]
[Annotator "ChessBase"]
[PlyCount "62"]
[EventDate "2019.11.10"]
[EventType "team-tourn"]
[EventCountry "MNE"]
[SourceTitle "playchess.com"]
[Source "ChessBase"]
[SourceQuality "1"]
[WhiteTeam "Asnieres"]
[BlackTeam "Beer Sheva"]
[TimeControl "40/5400+30:1800+30"]

1. d4 {[%emt 0:00:00]} Nf6 {[%emt 0:00:00]} 2. c4 {[%emt 0:00:00]} e6 {[%emt 0:00:00]} 3. Nc3 {[%emt 0:00:00]} c5 {[%emt 0:00:07]} 4. d5 {[%emt 0:00:00]} exd5 {[%emt 0:00:05]} 5. cxd5 {[%emt 0:00:00]} d6 {[%emt 0:00:06]} 6. e4 {[%emt 0:00:00]} g6 {[%emt 0:00:09]} 7. f4 {[%emt 0:00:12]} Bg7 {[%emt 0:00:13]} 8. e5 {[%emt 0:00:15]} Nfd7 {[%emt 0:00:24]} 9. Ne4 {[%emt 0:00:06]} dxe5 {[%emt 0:00:10]} 10. Nd6+ {[%emt 0:00:03]} Ke7 {[%emt 0:00:09]} 11. Nxc8+ {[%emt 0:00:06]} Qxc8 {[%emt 0:00:04]} 12. Nf3 {[%emt 0:00:24]} Rd8 {[%emt 0:00:22]} 13. fxe5 {[%emt 0:11:26]} Nxe5 {[%emt 0:00:40]} 14. Bg5+ {[%emt 0:00:38]} Kf8 {[%emt 0:00:16]} 15. Bxd8 {[%emt 0:01:58]} Qxd8 {[%emt 0:00:04]} 16. Nxe5 {[%emt 0:10:31]} Bxe5 {[%emt 0:01:42]} 17. Qe2 {[%emt 0:08:14]} Qa5+ {[%emt 0:07:23]} 18. Qd2 {[%emt 0:04:45]} Qa4 {[%emt 0:04:48]} 19. Be2 {[%emt 0:04:20]} Qh4+ {[%emt 0:02:26]} 20. Kd1 {[%emt 0:02:18]} Nd7 {[%emt 0:00:21]} 21. Rc1 {[%emt 0:03:04]} Rd8 {[%emt 0:03:08]} 22. Rc4 {[%emt 0:00:36]} Bd4 {[%emt 0:00:52]} 23. Kc1 {[%emt 0:19:23]} Nb6 {[%emt 0:01:28]} 24. Rc2 {[%emt 0:05:50]} Nxd5 {[%emt 0:01:00]} 25. Kb1 {[%emt 0:02:23]} Ne3 {[%emt 0:11:34]} 26. Rcc1 {[%emt 0:01:43]} Qf2 {[%emt 0:01:06]} 27. Rxc5 {[%emt 0:03:52]} Bf6 {[%emt 0:01:56]} 28. Qe1 {[%emt 0:03:13]} Rd1+ {[%emt 0:00:18]} 29. Qxd1 {[%emt 0:00:23]} Nxd1 {[%emt 0:00:06]} 30. Rc8+ {[%emt 0:00:07]} Kg7 {[%emt 0:00:05]} 31. Rxd1 {[%emt 0:00:32]} Qxe2 {[%emt 0:00:06]} 0-1